<?xml version="1.0" encoding="UTF-8"?>
<record
    xmlns:xsi="http://www.w3.org/2001/XMLSchema-instance"
    xsi:schemaLocation="http://www.loc.gov/MARC21/slim http://www.loc.gov/standards/marcxml/schema/MARC21slim.xsd"
    xmlns="http://www.loc.gov/MARC21/slim">

  <leader>03110cam a22003378i 4500</leader>
  <datafield tag="999" ind1=" " ind2=" ">
    <subfield code="c">79510</subfield>
    <subfield code="d">316787</subfield>
  </datafield>
  <controlfield tag="001">1124777173</controlfield>
  <controlfield tag="003">OCoLC</controlfield>
  <controlfield tag="005">20210306162859.0</controlfield>
  <controlfield tag="008">191016s2021    mau           001 0 eng  </controlfield>
  <datafield tag="010" ind1=" " ind2=" ">
    <subfield code="a">2019047577</subfield>
  </datafield>
  <datafield tag="020" ind1=" " ind2=" ">
    <subfield code="a">9781284197563</subfield>
    <subfield code="q">(paperback)</subfield>
  </datafield>
  <datafield tag="020" ind1=" " ind2=" ">
    <subfield code="a">1284197638</subfield>
  </datafield>
  <datafield tag="035" ind1=" " ind2=" ">
    <subfield code="a">(OCoLC)1124777173</subfield>
  </datafield>
  <datafield tag="040" ind1=" " ind2=" ">
    <subfield code="a">DNLM/DLC</subfield>
    <subfield code="b">eng</subfield>
    <subfield code="e">rda</subfield>
    <subfield code="c">DLC</subfield>
    <subfield code="d">OCLCO</subfield>
    <subfield code="d">OCLCA</subfield>
  </datafield>
  <datafield tag="042" ind1=" " ind2=" ">
    <subfield code="a">pcc</subfield>
  </datafield>
  <datafield tag="050" ind1="0" ind2="0">
    <subfield code="a">R852</subfield>
  </datafield>
  <datafield tag="060" ind1="1" ind2="0">
    <subfield code="a">W 20.5</subfield>
  </datafield>
  <datafield tag="082" ind1="0" ind2="0">
    <subfield code="a">610.724</subfield>
    <subfield code="2">23</subfield>
    <subfield code="b">JKI</subfield>
  </datafield>
  <datafield tag="096" ind1=" " ind2=" ">
    <subfield code="a">W 20.5</subfield>
    <subfield code="b">J17i 2021</subfield>
  </datafield>
  <datafield tag="100" ind1="1" ind2=" ">
    <subfield code="a">Jacobsen, Kathryn H.,</subfield>
    <subfield code="e">author.</subfield>
    <subfield code="9">75253</subfield>
  </datafield>
  <datafield tag="245" ind1="1" ind2="0">
    <subfield code="a">Introduction to health research methods :</subfield>
    <subfield code="b">a practical guide /</subfield>
    <subfield code="c">Kathryn H. Jacobsen.</subfield>
  </datafield>
  <datafield tag="250" ind1=" " ind2=" ">
    <subfield code="a">Third edition.</subfield>
  </datafield>
  <datafield tag="264" ind1=" " ind2="1">
    <subfield code="a">Burlington, MA :</subfield>
    <subfield code="b">Jones &amp; Bartlett Learning,</subfield>
    <subfield code="c">[2021]</subfield>
  </datafield>
  <datafield tag="300" ind1=" " ind2=" ">
    <subfield code="a">xx, 404 pages :</subfield>
    <subfield code="b">color illustrations</subfield>
    <subfield code="c">23cm</subfield>
  </datafield>
  <datafield tag="500" ind1=" " ind2=" ">
    <subfield code="a">Includes index.</subfield>
  </datafield>
  <datafield tag="505" ind1="0" ind2=" ">
    <subfield code="a">The Health Research Process -- Selecting a Research Question -- Reviewing the Literature -- Defining Specific Aims -- Professional Development -- Coauthoring -- Overview of Study Designs -- Case Series -- Cross-Sectional Studies -- Case-Control Studies -- Cohort Studies -- Experimental Studies -- Qualitative Studies -- Correlational Studies -- Synthesis Research -- Research Protocols -- Ethical Considerations -- Ethical Review and Approval -- Population Sampling -- Sample Size and Power -- Sample Size and Power -- Questionnaire Development -- Collecting Quantitative Data -- Collecting Qualitative Data -- Additional Assessments -- Secondary Analyses -- Systematic Reviews and Meta-Analyses -- Writing Grant Proposals -- Data Management -- Descriptive Statistics -- Comparative Statistics -- Regression Analysis -- Qualitative Analysis -- Additional Analysis Tools -- Posters and Presentations -- Article Structure -- Citing -- Critically Revising -- Writing Success Strategies -- Reasons to Publish -- Selecting Target Journals -- Manuscript Submission -- Peer Review and Publication.</subfield>
  </datafield>
  <datafield tag="520" ind1=" " ind2=" ">
    <subfield code="a">"Designed to empower new investigators to conduct their own original research projects, the Third Edition of Introduction to Health Research Methods provides a practical, step-by-step guide to conducting quantitative and qualitative research in medicine, public health, and other clinical and population health fields. Organized in five sections, the text covers the entire research process from formulating a study question and selecting a study approach to collecting and analyzing data and then disseminating the findings. Chapters about methods for primary studies (collecting new data), secondary analyses (analyzing existing data), and tertiary studies (conducting literature reviews and meta-analyses) provide comprehensive coverage of the scope of health research. By breaking the research process down into a series of achievable steps, Introduction to Health Research Methods shows students and early career scholars how they can contribute to improving the health of individuals and communities through research"--</subfield>
  </datafield>
  <datafield tag="650" ind1="1" ind2="2">
    <subfield code="a">Biomedical Research</subfield>
    <subfield code="x">methods.</subfield>
    <subfield code="9">17555</subfield>
  </datafield>
  <datafield tag="650" ind1="1" ind2="2">
    <subfield code="a">Research Design.</subfield>
    <subfield code="9">88693</subfield>
  </datafield>
  <datafield tag="942" ind1=" " ind2=" ">
    <subfield code="2">ddc</subfield>
    <subfield code="c">BOOK</subfield>
  </datafield>
  <datafield tag="952" ind1=" " ind2=" ">
    <subfield code="1">0</subfield>
    <subfield code="2">2021-03-06</subfield>
    <subfield code="4">0</subfield>
    <subfield code="7">0</subfield>
    <subfield code="a">610.724 JKI</subfield>
    <subfield code="d">2021-03-06</subfield>
    <subfield code="h">CL</subfield>
    <subfield code="i">00167967</subfield>
    <subfield code="m">CL</subfield>
    <subfield code="r">2021-03-06 00:00:00</subfield>
    <subfield code="t">BOOK</subfield>
    <subfield code="w">ddc</subfield>
    <subfield code="y">0</subfield>
  </datafield>
  <datafield tag="952" ind1=" " ind2=" ">
    <subfield code="1">0</subfield>
    <subfield code="2">2021-03-06</subfield>
    <subfield code="4">0</subfield>
    <subfield code="7">0</subfield>
    <subfield code="a">610.724 JKI</subfield>
    <subfield code="d">2021-03-06</subfield>
    <subfield code="h">CL</subfield>
    <subfield code="i">00167968</subfield>
    <subfield code="m">CL</subfield>
    <subfield code="r">2021-03-06 00:00:00</subfield>
    <subfield code="t">BOOK</subfield>
    <subfield code="w">ddc</subfield>
    <subfield code="y">0</subfield>
  </datafield>
  <datafield tag="952" ind1=" " ind2=" ">
    <subfield code="1">0</subfield>
    <subfield code="2">2021-03-06</subfield>
    <subfield code="4">0</subfield>
    <subfield code="7">0</subfield>
    <subfield code="a">610.724 JKI</subfield>
    <subfield code="d">2021-03-06</subfield>
    <subfield code="h">CL</subfield>
    <subfield code="i">00167969</subfield>
    <subfield code="m">CL</subfield>
    <subfield code="r">2021-03-06 00:00:00</subfield>
    <subfield code="t">BOOK</subfield>
    <subfield code="w">ddc</subfield>
    <subfield code="y">0</subfield>
  </datafield>
  <datafield tag="952" ind1=" " ind2=" ">
    <subfield code="1">0</subfield>
    <subfield code="2">2021-03-06</subfield>
    <subfield code="4">0</subfield>
    <subfield code="7">0</subfield>
    <subfield code="a">610.724 JKI</subfield>
    <subfield code="d">2021-03-06</subfield>
    <subfield code="h">AMF</subfield>
    <subfield code="i">00167876</subfield>
    <subfield code="m">AMF</subfield>
    <subfield code="r">2021-03-06 00:00:00</subfield>
    <subfield code="t">BOOK</subfield>
    <subfield code="w">ddc</subfield>
    <subfield code="y">0</subfield>
  </datafield>
</record>
